00302pam a2200109a 44500008004100000020002300041082001500064100002000079245005100099260003200150300001000182230405s2012 xxu||||| |||| 00| 0 eng d a9350259206cRs.225 a618.2bJAC aJacob, Annamma  aManual of Midwifery and Gynaecological Nursing aNew DelhibJaypee Pubc2012 a539 p